Score 0/24 Timer 06:00
2 Plays Today
Scrambled Unscrambled % Correct
Magnificent MoviesMad Max
97.5%
Magnificent MoviesKing Kong
96.5%
Brilliant BooksRob Roy
95.6%
Brilliant BooksBilly Budd
94.9%
Brilliant BooksPeter Pan
93.1%
Brilliant BooksThe Great Gatsby
91.4%
Terrific TelevisionJudge Judy
89.9%
Brilliant BooksPride and Prejudice
88.3%
Terrific TelevisionFamily Feud
85.5%
Terrific TelevisionBreaking Bad
83.4%
Magnificent MoviesSeven Samurai
80.5%
Terrific TelevisionAtom Ant
80.1%
Scrambled Unscrambled % Correct
Super SongsMaggie May
79.2%
Terrific TelevisionFear Factor
77%
Terrific TelevisionGilmore Girls
75.3%
Magnificent MoviesBatman Begins
74.4%
Super SongsSultans of Swing
68.9%
Super SongsBallroom Blitz
52.3%
Super SongsHeartbreak Hotel
51.2%
Magnificent MoviesDonnie Darko
47.8%
Brilliant BooksCaptains Courageous
46.2%
Magnificent MoviesSilver Streak
45.9%
Super SongsCrimson & Clover
37.8%
Super SongsSuffragette City
33.9%
Remove Ads.
Support Sporcle.
Get the best of Sporcle when you Go Orange. This ad-free experience offers more features, more stats, and more fun while also helping to support Sporcle. Thank you for becoming a member.

You're not logged in!

Compare scores with friends on all Sporcle quizzes.
OR
Log In

Show Comments

Extras

Top Quizzes Today


Score Distribution

Your Account Isn't Verified!

In order to create a playlist on Sporcle, you need to verify the email address you used during registration. Go to your Sporcle Settings to finish the process.

Report this User

Report this user for behavior that violates our Community Guidelines.

Details: